header

Visible variation (Record no. 13288)

MARC details
000 -LEADER
fixed length control field 01573nam a2200385 a 4500
082 04 - DEWEY DECIMAL CLASSIFICATION NUMBER
Classification number 419
245 00 - TITLE STATEMENT
Title Visible variation
260 ## - PUBLICATION, DISTRIBUTION, ETC. (IMPRINT)
Place of publication Berlin ;
-- New York :
Name of publisher Mouton de Gruyter,
Year of publication c2007.
300 ## - PHYSICAL DESCRIPTION
Number of Pages x, 403 p. :
Other physical details ill.
490 1# - SERIES STATEMENT
Series statement Trends in linguistics. Studies and monographs,
650 #0 - SUBJECT ADDED ENTRY--TOPICAL TERM
Topical Term Sign language.
Topical Term Language and languages
Topical Term Psycholinguistics.
Topical Term Linguistic change.
700 1# - ADDED ENTRY--PERSONAL NAME
Personal name Perniss, Pamela,
Personal name Pfau, Roland.
Personal name Steinbach, Markus.
856 40 - ELECTRONIC LOCATION AND ACCESS
Uniform Resource Identifier http://site.ebrary.com/lib/rucke/Doc?id=10256598

No items available.

© 2026 Rongo University
Contact us: librarian | system librarian | Rongo university